000 00320nam a2200121Ia 4500
008 220204s9999 xx 000 0 und d
082 _a635.82(031)
_bKIB
100 _aKIBBY, Geoffrey
245 0 _aColour encyclopaedia of mushrooms and toodstools
260 _aLondon
_bCathay
_c1979
650 _aMushrooms
942 _cBK
999 _c35546
_d35546